000 00484nam a22001577a 4500
005 20251108164730.0
008 250721s1985 xx 000 0 ara d
082 1 4 _a615.09/علي
100 1 _aالدفاع، علي عبد الله
245 1 0 _aإسهام علماء العرب و المسلمين في الصيدلة /
264 1 _aبيروت :
_bمؤسسة الرسالة،
_c1985.
300 _a459ص
650 1 7 _aعلم الصيدلة
942 _2ddc
_cBK
999 _c12965
_d12965